Tilastot visalle Aasian 10 suurinta taloutta

Klikkaa tästä pelataksesi tätä visaa!

Yleistilastot

  • Tätä visaa on pelattu 244 kertaa
  • Keskiarvotulos 8 / 10

Vastaustilastot

BKTValtio% Oikein
31,5 bilKiina
99%
5,73 bilJapani
98%
12,4 bilIntia
96%
2,43 bilEtelä-Korea
91%
4,17 bilIndonesia
90%
1,40 bilThaimaa
86%
1,96 bilSaudi-Arabia
79%
1,48 bilIran
72%
1,37 bilTaiwan
64%
2,42 bilTurkki
63%

Tulosjakauma

Persentiili vastausten määrän mukaan

Jokaisen tuloksen saaneiden osuus

Tuloshistoriasi

Et ole pelannut tätä visaa